[Event "Sparkassen-Open A"]
[Site "Heusenstamm, Martinsee"]
[Date "2019.11.22"]
[Round "3.116"]
[White "Englert, Fred"]
[Black "Müller, Maurice-Pascal"]
[Result "0-1"]
[WhiteElo "1820"]
[BlackElo "1683"]
[PlyCount "60"]
[EventDate "2019.??.??"]
[WhiteTeam "SK Klingenberg"]
[BlackTeam "SC Landskrone"]

1. c4 c5 2. g3 Nc6 3. Bg2 g6 4. Nc3 Bg7 5. Nf3 e6 6. e3 Nge7 7. d4 cxd4 8. exd4
O-O 9. O-O d6 10. Re1 a6 11. b3 Nf5 12. Ne2 e5 13. dxe5 dxe5 14. Ba3 e4 15. Nd2
Bxa1 16. Bxf8 Kxf8 17. Qxa1 Qxd2 18. Bxe4 Nfd4 19. Kf1 Bh3+ 20. Bg2 Bxg2+ 21.
Kxg2 Re8 22. Kf1 Rxe2 23. Rxe2 Qxe2+ 24. Kg2 Qf3+ 25. Kh3 Qxf2 26. Qc1 Qf5+ 27.
g4 Qf3+ 28. Kh4 Kg7 29. Qe1 g5+ 30. Kxg5 Qf6+ 0-1

[Event "Sparkassen-Open A"]
[Site "Heusenstamm, Martinsee"]
[Date "2019.11.22"]
[Round "3.117"]
[White "Bobrowski, Damian"]
[Black "Merges, Harald"]
[Result "1-0"]
[WhiteElo "1617"]
[BlackElo "1817"]
[PlyCount "29"]
[EventDate "2019.??.??"]
[WhiteTeam "vereinslos"]
[BlackTeam "SG Reil-Kinheim"]

1. d4 Nf6 2. Bf4 d5 3. e3 Bf5 4. c3 e6 5. Qb3 Qc8 6. Nd2 Be7 7. Ngf3 O-O 8. Be2
Nbd7 9. Ne5 Nxe5 10. dxe5 Ne4 11. Nxe4 Bxe4 12. f3 Bg6 13. h4 f6 14. h5 Bf7 15.
O-O-O 1-0

[Event "Sparkassen-Open A"]
[Site "Heusenstamm, Martinsee"]
[Date "2019.11.22"]
[Round "3.118"]
[White "Rabiya, Karim"]
[Black "Schreidl, Michael"]
[Result "1/2-1/2"]
[WhiteElo "1816"]
[BlackElo "1643"]
[PlyCount "61"]
[EventDate "2019.??.??"]
[WhiteTeam "SK Niederbrechen"]
[BlackTeam "SK Frankenthal"]

1. e4 e5 2. Bc4 Nf6 3. d3 Nc6 4. Nc3 Be7 5. f4 d6 6. f5 Na5 7. Nf3 Nxc4 8. dxc4
g6 9. fxg6 hxg6 10. h3 Nh5 11. Be3 Ng3 12. Rg1 Nh5 13. Qd2 Bh4+ 14. Nxh4 Qxh4+
15. Qf2 Qxf2+ 16. Kxf2 Be6 17. Nd5 Kd7 18. b3 f5 19. g4 fxg4 20. hxg4 Bxd5 21.
exd5 Raf8+ 22. Ke2 Nf4+ 23. Bxf4 Rxf4 24. Rg2 g5 25. a4 Rh3 26. Rd1 Rh4 27.
Rdg1 Rh3 28. Rg3 Rh2+ 29. R1g2 Rh1 30. Rg1 Rh2+ 31. R1g2 1/2-1/2

[Event "Sparkassen-Open A"]
[Site "Heusenstamm, Martinsee"]
[Date "2019.11.22"]
[Round "3.119"]
[White "Masoudi, Kian"]
[Black "Schmitt, Clemens"]
[Result "0-1"]
[WhiteElo "1606"]
[BlackElo "1796"]
[PlyCount "112"]
[EventDate "2019.??.??"]
[WhiteTeam "SF Frankfurt"]
[BlackTeam "SV Bergwinkel"]

1. d4 Nf6 2. Bf4 g6 3. e3 Bg7 4. Nf3 d5 5. Nbd2 O-O 6. Bd3 c5 7. c3 Nc6 8. h4
Nh5 9. Bh2 Bg4 10. Qb1 cxd4 11. exd4 Re8 12. O-O e6 13. Ne5 Qxh4 14. g3 Qh3 15.
Re1 Bf5 16. Ndf3 Bxd3 17. Qxd3 Nxe5 18. Nxe5 Nf6 19. f4 Ne4 20. Qf1 Qh5 21. g4
Qh4 22. Qg2 Qd8 23. Nd3 Qb6 24. Rab1 Rac8 25. Nf2 Nxf2 26. Qxf2 Qa6 27. a3 Qd3
28. Rbd1 Qh3 29. Qe2 h5 30. g5 Qf5 31. Qg2 Rc6 32. Qd2 Rec8 33. Qd3 Qxd3 34.
Rxd3 Rb6 35. Re2 Rb3 36. Bg3 Rc4 37. Bf2 Bf8 38. Kg2 Bd6 39. Bg3 Kg7 40. f5
Bxg3 41. f6+ Kf8 42. Kxg3 Ke8 43. Rde3 Kd7 44. Re5 Rxd4 45. Kh3 Rc4 46. Kg2 Rc6
47. Kf1 Rcb6 48. c4 dxc4 49. Rd2+ Rd3 50. Rc2 Rc6 51. Ke2 Rd5 52. Re4 b5 53. a4
a6 54. axb5 axb5 55. Rd2 Rcd6 56. Rc2 Rxg5 0-1

[Event "Sparkassen-Open A"]
[Site "Heusenstamm, Martinsee"]
[Date "2019.11.22"]
[Round "3.120"]
[White "Kirchmann, Sascha"]
[Black "Burkart, Lloyd Shang"]
[Result "1-0"]
[WhiteElo "1708"]
[BlackElo "1399"]
[PlyCount "65"]
[EventDate "2019.??.??"]
[WhiteTeam "SC Obertshausen"]
[BlackTeam "TuS Makkabi"]

1. d4 Nf6 2. Nf3 b6 3. g3 Bb7 4. Bg2 g6 5. O-O Bg7 6. c4 O-O 7. Nc3 d6 8. Qc2
c5 9. d5 Nbd7 10. Rd1 Qc7 11. e4 e5 12. dxe6 fxe6 13. Nb5 Qc6 14. Nxd6 Nxe4 15.
Nxb7 Qxb7 16. Ng5 Rxf2 17. Qxe4 Qxe4 18. Nxe4 Rxg2+ 19. Kxg2 Ne5 20. Rb1 Nxc4
21. b3 Ne5 22. Bf4 Nc6 23. Rd7 Nd4 24. Be3 Nf5 25. Bf2 a5 26. Rbd1 a4 27. Rd8+
Rxd8 28. Rxd8+ Bf8 29. Nxc5 Kf7 30. Nxa4 Ke7 31. Rb8 Kf6 32. Rxf8+ Kg5 33.
Rxf5+ 1-0

[Event "Sparkassen-Open A"]
[Site "Heusenstamm, Martinsee"]
[Date "2019.11.23"]
[Round "4.1"]
[White "Euler, Gerd"]
[Black "Kuzubov, Yuriy"]
[Result "0-1"]
[WhiteElo "2270"]
[BlackElo "2652"]
[PlyCount "112"]
[EventDate "2019.??.??"]
[WhiteTeam "SSG Hungen-Lich"]
[BlackTeam "Sfr. Bad Emstal/Wolfhagen"]

1. e4 c6 2. d4 d5 3. f3 Qb6 4. Nc3 dxe4 5. fxe4 e5 6. Nf3 exd4 7. Nxd4 Bc5 8.
Na4 Qa5+ 9. Nc3 Nf6 10. Be3 Bb4 11. Bd2 Qb6 12. Nf5 Bxf5 13. exf5 O-O 14. Qf3
Re8+ 15. Be2 Bxc3 16. Bxc3 Ne4 17. O-O-O Nxc3 18. bxc3 Qc5 19. Rd4 Na6 20. Bc4
Nc7 21. Qg3 Nd5 22. Bxd5 cxd5 23. f6 g6 24. Re1 Qa3+ 25. Kd2 Qa6 26. Qf4 Rxe1
27. Kxe1 Re8+ 28. Kd2 h5 29. Ra4 Qe2+ 30. Kc1 Qxg2 31. Kb2 Qg1 32. Rd4 Re6 33.
h4 Kh7 34. Rb4 Re1 35. Ka3 Rf1 36. Qe5 Qc5 37. Kb2 Qc6 38. Rf4 Qb6+ 39. Rb4
Qxf6 40. Qxd5 b6 41. Qb7 Rf3 42. Rb3 Qf5 43. Qxa7 Rf2 44. Qxb6 Qxc2+ 45. Ka3
Qxa2+ 46. Kb4 Rb2 47. Kc4 g5 48. hxg5 Qxb3+ 49. Qxb3 Rxb3 50. Kxb3 h4 51. c4 h3
52. c5 h2 53. c6 h1=Q 54. c7 Qb7+ 55. Ka4 Qxc7 56. g6+ Kxg6 0-1

[Event "Sparkassen-Open A"]
[Site "Heusenstamm, Martinsee"]
[Date "2019.11.23"]
[Round "4.2"]
[White "Köllner, Ruben Gideon"]
[Black "Kunin, Vitaly"]
[Result "1/2-1/2"]
[WhiteElo "2268"]
[BlackElo "2549"]
[PlyCount "120"]
[EventDate "2019.??.??"]
[WhiteTeam "SF Deizisau"]
[BlackTeam "Freibauer Mörlenbach"]

1. d4 d6 2. Nf3 Bg4 3. Nbd2 Nf6 4. c3 Nbd7 5. e4 e6 6. Bd3 Be7 7. Nf1 c5 8. Ng3
cxd4 9. cxd4 Qb6 10. Be2 d5 11. exd5 Nxd5 12. O-O O-O 13. h3 Bxf3 14. Bxf3 N7f6
15. Qb3 Rfc8 16. Bg5 h6 17. Bxf6 Bxf6 18. Bxd5 exd5 19. Qxd5 Bxd4 20. Nf5 Rd8
21. Qf3 Bf6 22. Rad1 Bxb2 23. Rb1 Rd2 24. Ne3 Qa6 25. Rfd1 Rxd1+ 26. Nxd1 Bd4
27. Rxb7 Rf8 28. Rd7 Bb6 29. Qd5 Qa3 30. Kh2 Qc5 31. Qxc5 Bxc5 32. Kg3 Rb8 33.
Rd2 Rb4 34. Kf3 Ra4 35. Ne3 Ra3 36. Rc2 Bxe3 37. fxe3 Kf8 38. g4 Ke7 39. h4 g6
40. Rh2 Kf6 41. h5 g5 42. Rc2 Ra6 43. Ke4 Ra4+ 44. Kf3 Ra6 45. Ke4 Ke6 46. Rc4
f6 47. a4 Ra5 48. Rc6+ Ke7 49. Rc7+ Kd6 50. Rh7 f5+ 51. gxf5 Rxa4+ 52. Kf3 Ke5
53. e4 g4+ 54. Kxg4 Rxe4+ 55. Kf3 Rf4+ 56. Ke3 Ra4 57. Rxh6 Ra3+ 58. Kd2 Kxf5
59. Rc6 Rh3 60. Ra6 Rxh5 1/2-1/2

[Event "Sparkassen-Open A"]
[Site "Heusenstamm, Martinsee"]
[Date "2019.11.23"]
[Round "4.3"]
[White "Nasuta, Grzegorz"]
[Black "Chandler, Patrick"]
[Result "1-0"]
[WhiteElo "2539"]
[BlackElo "2124"]
[PlyCount "73"]
[EventDate "2019.??.??"]
[WhiteTeam "Godesberger SK"]
[BlackTeam "SC Nied"]

1. e4 e6 2. d4 d5 3. Nc3 Bb4 4. e5 Ne7 5. a3 Bxc3+ 6. bxc3 c5 7. a4 Qa5 8. Bd2
Nbc6 9. Nf3 Bd7 10. Be2 c4 11. O-O h6 12. Re1 Nd8 13. Nh4 g5 14. Nf3 Rg8 15. h3
Bxa4 16. Nh2 Rg7 17. Ng4 Ng8 18. f4 b5 19. fxg5 hxg5 20. Qc1 Nc6 21. Rf1 O-O-O
22. Bxg5 Qxc3 23. Bxd8 Nxd4 24. Bd1 Kxd8 25. Ra3 Nb3 26. Rxb3 cxb3 27. Qa3 Qd4+
28. Kh1 b2 29. Qf8+ Kc7 30. Be2 Bxc2 31. Qxg7 Ne7 32. Qxf7 Qb4 33. Qxe6 Bf5 34.
Qf7 Kb6 35. Ne3 Ka5 36. Nxd5 Nxd5 37. Qxa7# 1-0

[Event "Sparkassen-Open A"]
[Site "Heusenstamm, Martinsee"]
[Date "2019.11.23"]
[Round "4.4"]
[White "Vakulenko, Oleksandr"]
[Black "Baskin, Robert"]
[Result "1-0"]
[WhiteElo "2250"]
[BlackElo "2410"]
[PlyCount "125"]
[EventDate "2019.??.??"]
[WhiteTeam "Gambit Kiew"]
[BlackTeam "Wiesbadener SV"]

1. d4 Nf6 2. c4 e6 3. Nc3 Bb4 4. e3 O-O 5. Nge2 c6 6. a3 Ba5 7. c5 d6 8. b4 Bc7
9. cxd6 Qxd6 10. g3 Qe7 11. Bg2 e5 12. Qc2 Re8 13. dxe5 Bxe5 14. O-O a5 15.
bxa5 Rxa5 16. Bb2 Bf5 17. e4 Bxc3 18. Qxc3 Rc5 19. Qd4 Rc2 20. e5 Nfd7 21. Rfe1
c5 22. Qf4 Rxb2 23. Qxf5 Qxe5 24. Qxe5 Rxe5 25. Nc3 Rxe1+ 26. Rxe1 Kf8 27. Ne4
b5 28. Nd6 Nf6 29. Bf1 b4 30. axb4 Rxb4 31. Bc4 Nc6 32. Rc1 Ne5 33. Bb5 Ke7 34.
Nf5+ Ke6 35. Rxc5 Ne4 36. Nxg7+ Kd6 37. Rxe5 Kxe5 38. Bd3 f5 39. Nxf5 Rb2 40.
Bxe4 Kxe4 41. Nh4 Ra2 42. Kg2 Rb2 43. Nf3 h6 44. h3 Kd3 45. Ne5+ Ke2 46. g4 Rb5
47. Ng6 Rb4 48. f4 Ke3 49. f5 Ke4 50. Kg3 h5 51. f6 Rb3+ 52. Kh4 hxg4 53. hxg4
Rf3 54. Kg5 Rf1 55. Nh8 Kf3 56. Ng6 Ke4 57. Nh4 Ke5 58. Nf5 Ke6 59. Kg6 Rf4 60.
Ng7+ Ke5 61. g5 Rf1 62. f7 Rf2 63. Nh5 1-0

[Event "Sparkassen-Open A"]
[Site "Heusenstamm, Martinsee"]
[Date "2019.11.23"]
[Round "4.5"]
[White "Villwock, Martin"]
[Black "Farmani Anosheh, Armin"]
[Result "0-1"]
[WhiteElo "2110"]
[BlackElo "2344"]
[PlyCount "104"]
[EventDate "2019.??.??"]
[WhiteTeam "SF Essen-Katernberg"]
[BlackTeam "SK Ladenburg"]

1. c4 c5 2. Nc3 Nc6 3. g3 g6 4. Bg2 Bg7 5. d3 e6 6. e4 Nge7 7. Be3 d6 8. h4 h5
9. Nh3 a6 10. Qd2 Rb8 11. a4 Nd4 12. Rb1 Nec6 13. Ng5 Bd7 14. O-O b5 15. axb5
axb5 16. cxb5 Nxb5 17. f4 Nbd4 18. e5 d5 19. Ne2 Rb4 20. Bxd4 Nxd4 21. Nxd4
Rxd4 22. Nf3 Rb4 23. d4 Qb6 24. dxc5 Qxc5+ 25. Kh2 O-O 26. Rfc1 Qb6 27. Ne1 Rb8
28. Nd3 Rd4 29. Qe3 Bb5 30. Nc5 Rc4 31. b4 Rxc1 32. Qxc1 Rc8 33. Qa3 Bf8 34.
Rc1 Bc4 35. Nd7 Qxb4 36. Qxb4 Bxb4 37. Nb6 Rc5 38. Nxc4 dxc4 39. Be4 Bd2 40.
Rc2 c3 41. Kg2 Ra5 42. Kf2 Kf8 43. Bd3 Ke7 44. Bc4 Kd7 45. Ke2 Kc6 46. Ra2 Rxa2
47. Bxa2 Kc5 48. Bb1 Kb4 49. Kd1 Kb3 50. Bd3 Kb2 51. Be4 Be3 52. Ke2 Bb6 0-1

[Event "Sparkassen-Open A"]
[Site "Heusenstamm, Martinsee"]
[Date "2019.11.23"]
[Round "4.6"]
[White "Hahn, Markus"]
[Black "Bakiev, Diyor"]
[Result "1-0"]
[WhiteElo "2291"]
[BlackElo "2084"]
[PlyCount "85"]
[EventDate "2019.??.??"]
[WhiteTeam "SVG Caissa Kassel"]
[BlackTeam "Wiesbadener SV"]

1. d4 Nf6 2. c4 c5 3. d5 e6 4. Nc3 exd5 5. cxd5 d6 6. e4 g6 7. h3 Bg7 8. Nf3
O-O 9. Bd3 b5 10. Bxb5 Nxe4 11. Nxe4 Qa5+ 12. Nfd2 Qxb5 13. Nxd6 Qd3 14. N2c4
Qxd1+ 15. Kxd1 Ba6 16. Kc2 Rd8 17. Re1 Bxc4 18. Nxc4 Na6 19. d6 Nb4+ 20. Kd1
Rd7 21. Re2 Rb8 22. Bf4 Nd3 23. Bg3 Bf6 24. Rd2 Rb4 25. Rxd3 Rxc4 26. Rc1 Rxc1+
27. Kxc1 a5 28. Rb3 Bd4 29. Kc2 Kg7 30. Kd3 f5 31. Kc4 Kf6 32. Kd5 g5 33. f3 f4
34. Be1 Be5 35. Rb6 a4 36. Bc3 Bxc3 37. bxc3 h5 38. c4 Kf5 39. Rb5 Rg7 40. Kxc5
Ke6 41. Kc6 a3 42. Rb1 Kf7 43. Rb7+ 1-0

[Event "Sparkassen-Open A"]
[Site "Heusenstamm, Martinsee"]
[Date "2019.11.23"]
[Round "4.7"]
[White "Nikolov, Momchil"]
[Black "Pogan, Nikolas"]
[Result "1-0"]
[WhiteElo "2559"]
[BlackElo "2234"]
[PlyCount "119"]
[EventDate "2019.??.??"]
[WhiteTeam "vereinslos"]
[BlackTeam "Heilbronner SV"]

1. d4 d5 2. Nf3 Nf6 3. c4 c6 4. Nc3 a6 5. a4 g6 6. Bf4 Bg7 7. e3 Qa5 8. Qb3 O-O
9. Qa3 Qd8 10. a5 h6 11. h3 Re8 12. Be2 Be6 13. Qb4 Qc8 14. c5 Nfd7 15. Na4 f6
16. O-O Bf7 17. Bh2 e5 18. Rfe1 e4 19. Nd2 f5 20. Nb3 Ra7 21. Nb6 Qd8 22. f3
exf3 23. Bxf3 h5 24. Qd2 Nf6 25. Qf2 Nbd7 26. Bf4 Ne4 27. Bxe4 dxe4 28. Nd2
Nxb6 29. axb6 Ra8 30. h4 Bf6 31. Bg3 Qe7 32. b3 Rad8 33. Rad1 Be6 34. Nc4 Rd5
35. Qf4 Kh7 36. Rf1 Rg8 37. Qf2 Qd7 38. Be5 Be7 39. Rc1 Qd8 40. Bg3 Qd7 41. b4
Ra8 42. Bc7 Qe8 43. Qg3 Qg8 44. Ne5 Qe8 45. Ra1 Bf6 46. Ra3 Bxe5 47. Bxe5 Qe7
48. Bd6 Qg7 49. Kh2 Re8 50. Be5 Qe7 51. Qf4 Bc8 52. Ra2 Qd8 53. Raf2 Qe7 54.
Rh1 Qd8 55. Kg1 Be6 56. Rh3 Rg8 57. Rg3 Rd7 58. Rg5 Rf7 59. g4 Qd5 60. gxh5 1-0

[Event "Sparkassen-Open A"]
[Site "Heusenstamm, Martinsee"]
[Date "2019.11.23"]
[Round "4.8"]
[White "Farmani Anosheh, Yasha"]
[Black "Enchev, Ivajlo"]
[Result "0-1"]
[WhiteElo "2182"]
[BlackElo "2487"]
[PlyCount "68"]
[EventDate "2019.??.??"]
[WhiteTeam "SK Ladenburg"]
[BlackTeam "vereinslos"]

1. e4 c6 2. Nc3 d5 3. Nf3 dxe4 4. Nxe4 Nf6 5. Qe2 Nxe4 6. Qxe4 Nd7 7. d4 Nf6 8.
Qd3 g6 9. Qb3 Bg7 10. h3 O-O 11. Bd3 b5 12. c3 c5 13. Qxb5 cxd4 14. Nxd4 Bd7
15. Qa6 e5 16. Nb3 Bc8 17. Qc4 Be6 18. Qa6 Nd7 19. Be2 Qh4 20. Qd3 Rfd8 21. Qe3
Qa4 22. Nc5 Nxc5 23. Qxc5 Qc2 24. Qe3 Bc4 25. f3 Rac8 26. Qe4 Rd1+ 27. Bxd1
Qxg2 28. Be2 Qxh1+ 29. Kd2 Qg2 30. Ke1 Qg1+ 31. Kd2 Be6 32. Qe3 Qg2 33. Qxa7
Bc4 34. Qe3 Bh6 0-1

[Event "Sparkassen-Open A"]
[Site "Heusenstamm, Martinsee"]
[Date "2019.11.23"]
[Round "4.9"]
[White "Thinius, Marco"]
[Black "Krämer, Enrico"]
[Result "1-0"]
[WhiteElo "2398"]
[BlackElo "2223"]
[PlyCount "87"]
[EventDate "2019.??.??"]
[WhiteTeam "SV Empor Berlin"]
[BlackTeam "SG Speyer-Schwegenheim"]

1. Nf3 d5 2. g3 Nf6 3. Bg2 e6 4. O-O Be7 5. c4 O-O 6. d4 dxc4 7. Qc2 a6 8. a4
Bd7 9. Bg5 Bc6 10. Bxf6 Bxf6 11. Rd1 Bxf3 12. Bxf3 c6 13. Qxc4 a5 14. Nc3 Na6
15. Rd2 Qb6 16. Ne4 Be7 17. h4 Rad8 18. Rad1 h6 19. e3 Nb4 20. Nc5 Qc7 21. Nd3
Nd5 22. Kg2 Bb4 23. Rc2 Qe7 24. Qb3 Ra8 25. e4 Nb6 26. Ne5 Rfd8 27. Bh5 g6 28.
Be2 Nd7 29. Nf3 Nf6 30. Qe3 Kg7 31. Ne5 Nd7 32. Nd3 Rac8 33. f4 c5 34. dxc5
Nxc5 35. Nxc5 Bxc5 36. Rxc5 Qxc5 37. Qxc5 Rxc5 38. Rxd8 Rc2 39. Kf3 Rxb2 40.
Rd7 Rb3+ 41. Kf2 Rb2 42. e5 g5 43. hxg5 hxg5 44. f5 1-0

[Event "Sparkassen-Open A"]
[Site "Heusenstamm, Martinsee"]
[Date "2019.11.23"]
[Round "4.10"]
[White "Abel, Thomas"]
[Black "Wiley, Tom E"]
[Result "1-0"]
[WhiteElo "2342"]
[BlackElo "2141"]
[PlyCount "73"]
[EventDate "2019.??.??"]
[WhiteTeam "vereinslos"]
[BlackTeam "Europchess"]

1. d4 Nf6 2. c4 e6 3. Nf3 d5 4. g3 dxc4 5. Qa4+ Nbd7 6. Bg2 a6 7. Qxc4 b5 8.
Qc6 Rb8 9. Bf4 Nd5 10. Bg5 Be7 11. Bxe7 Nxe7 12. Qc2 Bb7 13. Nbd2 e5 14. dxe5
Nxe5 15. O-O Nxf3+ 16. Nxf3 Nc6 17. Rfd1 Qf6 18. Rac1 O-O 19. Ng5 Qxg5 20. Bxc6
Bxc6 21. Qxc6 Rb6 22. Qxc7 Rh6 23. Rc6 g6 24. Qf4 Qh5 25. g4 Qh4 26. Rxa6 f5
27. Rd7 Qxg4+ 28. Qxg4 fxg4 29. Rd5 Rh5 30. Rxh5 gxh5 31. Kg2 Rc8 32. Ra5 b4
33. Rxh5 Rc2 34. b3 Rxe2 35. Rg5+ Kf7 36. Rxg4 Rxa2 37. Rxb4 1-0

[Event "Sparkassen-Open A"]
[Site "Heusenstamm, Martinsee"]
[Date "2019.11.23"]
[Round "4.11"]
[White "Schulze, Lara"]
[Black "Sandten, Ulrich"]
[Result "1/2-1/2"]
[WhiteElo "2326"]
[BlackElo "2086"]
[PlyCount "80"]
[EventDate "2019.??.??"]
[WhiteTeam "SK Lehrte"]
[BlackTeam "VSG Offenbach"]

1. e4 e6 2. d4 d5 3. Nd2 dxe4 4. Nxe4 Nd7 5. Nf3 Ngf6 6. Nxf6+ Nxf6 7. g3 b6 8.
Bb5+ Bd7 9. a4 a6 10. Be2 Bc6 11. O-O Be7 12. Ne5 Be4 13. c4 Nd7 14. a5 Nxe5
15. dxe5 Qxd1 16. Rxd1 Bc5 17. axb6 cxb6 18. Be3 Bxe3 19. fxe3 Ke7 20. Rd4 Bc6
21. b4 Rhc8 22. Rd6 f6 23. Bg4 Bd7 24. Bf3 Ra7 25. b5 Rxc4 26. bxa6 b5 27. Rb6
Ra4 28. Rxa4 bxa4 29. Bb7 fxe5 30. e4 Kd8 31. Rb1 Kc7 32. Kf2 Be8 33. Ke3 Kd6
34. Kd3 Kc5 35. Kc3 Bb5 36. Ra1 Bxa6 37. Rxa4 Rxb7 38. Rxa6 Rf7 39. Ra5+ Kd6
40. Ra6+ Kc5 1/2-1/2

[Event "Sparkassen-Open A"]
[Site "Heusenstamm, Martinsee"]
[Date "2019.11.23"]
[Round "4.12"]
[White "Wolf, Ulrich Martin"]
[Black "Podat, Vladimir"]
[Result "0-1"]
[WhiteElo "2151"]
[BlackElo "2321"]
[PlyCount "68"]
[EventDate "2019.??.??"]
[WhiteTeam "SC Hansa Dortmund"]
[BlackTeam "SC Untergrombach"]

1. d4 Nf6 2. c4 e6 3. g3 c5 4. d5 exd5 5. cxd5 d6 6. Nc3 g6 7. Bg2 Bg7 8. Nf3
O-O 9. O-O Re8 10. Nd2 Nbd7 11. h3 a6 12. a4 Rb8 13. a5 b5 14. axb6 Nxb6 15.
Re1 Qe7 16. Rf1 Nfd7 17. e4 Ne5 18. Qe2 c4 19. f4 Nd3 20. Nxc4 Nxc1 21. Rfxc1
Nxc4 22. Qxc4 Rxb2 23. Ra2 Rxa2 24. Nxa2 g5 25. Nb4 gxf4 26. gxf4 Qh4 27. Qc6
Bd4+ 28. Kh2 Qxf4+ 29. Kh1 Rf8 30. Rf1 Qg3 31. Qc2 Be5 32. Kg1 Bxh3 33. Rf3
Qh2+ 34. Kf1 Qh1+ 0-1

[Event "Sparkassen-Open A"]
[Site "Heusenstamm, Martinsee"]
[Date "2019.11.23"]
[Round "4.13"]
[White "Volkov, Mykyta"]
[Black "Spitzl, Vinzent"]
[Result "0-1"]
[WhiteElo "2142"]
[BlackElo "2307"]
[PlyCount "56"]
[EventDate "2019.??.??"]
[WhiteTeam "Elberfelder SG"]
[BlackTeam "SV Griesheim"]

1. d4 f5 2. Bg5 g6 3. Nc3 Bg7 4. e3 h6 5. Bf4 Nf6 6. Bc4 d6 7. h4 Nc6 8. d5 Na5
9. Bd3 e5 10. dxe6 Bxe6 11. Nge2 Nc4 12. Nd4 Nxb2 13. Nxe6 Nxd1 14. Nxd8 Nxc3
15. Ne6 Kf7 16. Nxc7 Rad8 17. Nb5 Nfe4 18. Bxe4 fxe4 19. Nxd6+ Ke6 20. Nxb7 Rd5
21. f3 Rb5 22. Nd6 Rb2 23. Nxe4 Rxc2 24. Nf2 Rd8 25. e4 Ne2 26. Rd1 Bc3+ 27.
Kf1 Rxd1+ 28. Nxd1 Nxf4 0-1

[Event "Sparkassen-Open A"]
[Site "Heusenstamm, Martinsee"]
[Date "2019.11.23"]
[Round "4.14"]
[White "Zuferi, Enis"]
[Black "Lesny, Florian"]
[Result "1-0"]
[WhiteElo "2290"]
[BlackElo "2138"]
[PlyCount "65"]
[EventDate "2019.??.??"]
[WhiteTeam "Heilbronner SV"]
[BlackTeam "SK Niederbrechen"]

1. d4 d5 2. c4 c6 3. cxd5 cxd5 4. Bf4 Nc6 5. e3 Nf6 6. Nc3 a6 7. Be2 Bf5 8. g4
Bg6 9. h4 h6 10. Qb3 Na5 11. Qa4+ Nc6 12. Nf3 Nxg4 13. h5 Bh7 14. Qb3 e6 15.
Nd2 Nf6 16. Qxb7 Na5 17. Qc7 Qxc7 18. Bxc7 Nc6 19. a3 Be7 20. Rc1 Rc8 21. Bf4
a5 22. Na4 Na7 23. Rxc8+ Nxc8 24. Nb3 Bd8 25. O-O Nb6 26. Nxb6 Bxb6 27. Rc1 Kd8
28. Rc6 Nd7 29. Bd6 a4 30. Ba6 Ke8 31. Rc8+ Bd8 32. Na5 Nb6 33. Bb5+ 1-0

[Event "Sparkassen-Open A"]
[Site "Heusenstamm, Martinsee"]
[Date "2019.11.23"]
[Round "4.15"]
[White "Stork, Oliver"]
[Black "Triebus, Bruno"]
[Result "0-1"]
[WhiteElo "2287"]
[BlackElo "1992"]
[PlyCount "112"]
[EventDate "2019.??.??"]
[WhiteTeam "SV Oberursel"]
[BlackTeam "SW Lichtenrade"]

1. d4 e6 2. Nf3 b6 3. Bf4 Bb7 4. Nbd2 Nf6 5. e3 Be7 6. h3 O-O 7. Bd3 c5 8. c3
cxd4 9. exd4 h6 10. a4 a5 11. Nc4 d5 12. Nce5 Nbd7 13. Qb3 Nxe5 14. Nxe5 Bd6
15. O-O-O Nd7 16. Rde1 Bxe5 17. Bxe5 Qg5+ 18. f4 Qg3 19. Qc2 Nxe5 20. fxe5 Ba6
21. Bxa6 Rxa6 22. Qe2 Qg5+ 23. Kb1 Ra7 24. h4 Qg6+ 25. Ka2 h5 26. Rh3 Re7 27.
Rf1 f5 28. exf6 Rxf6 29. Rxf6 gxf6 30. Qe3 Kh7 31. Rg3 Qe8 32. Qf3 Rg7 33. b3
Rxg3 34. Qxg3 Qg6 35. Qxg6+ Kxg6 36. c4 Kf7 37. Kb2 Ke7 38. Kc3 Kd6 39. Kd3 e5
40. cxd5 Kxd5 41. dxe5 fxe5 42. Ke3 Ke6 43. Ke4 Kf6 44. Kd5 Kf5 45. Kc4 Kg4 46.
Kb5 e4 47. Kxb6 e3 48. Kxa5 e2 49. b4 e1=Q 50. Kb5 Qe8+ 51. Ka5 Qa8+ 52. Kb5
Qb7+ 53. Kc5 Qa7+ 54. Kb5 Kxh4 55. a5 Qb7+ 56. Kc5 Qa6 0-1

[Event "Sparkassen-Open A"]
[Site "Heusenstamm, Martinsee"]
[Date "2019.11.23"]
[Round "4.16"]
[White "Deuer, Marius"]
[Black "Kersten, Uwe"]
[Result "0-1"]
[WhiteElo "1985"]
[BlackElo "2264"]
[PlyCount "130"]
[EventDate "2019.??.??"]
[WhiteTeam "SC Weiße Dame Ulm"]
[BlackTeam "Sfr. Bad Emstal/Wolfhagen"]

1. d4 Nf6 2. c4 c5 3. d5 g6 4. Nc3 d6 5. e4 Bg7 6. Nf3 O-O 7. Be2 e6 8. O-O
exd5 9. exd5 Bg4 10. h3 Bxf3 11. Bxf3 Ne8 12. Qc2 f5 13. Ne2 g5 14. Ng3 f4 15.
Nf5 Nd7 16. Nxg7 Nxg7 17. Bd2 Nf5 18. Be4 Nd4 19. Bxh7+ Kh8 20. Bc3 Ne5 21.
Bxd4 cxd4 22. f3 b5 23. b3 bxc4 24. bxc4 Qa5 25. Rfc1 Rab8 26. Rab1 Qa3 27. Rb3
Rxb3 28. axb3 d3 29. Bxd3 Nxd3 30. Qc3+ Kg8 31. Rd1 Qc5+ 32. Kh2 Ne5 33. Re1
Re8 34. Qd2 a5 35. Re4 Re7 36. Qc2 Qb6 37. Kh1 Qc5 38. Re2 Qd4 39. Re4 Qb6 40.
Re2 Qc7 41. Qf5 Rg7 42. Qe6+ Kh7 43. Qf5+ Rg6 44. c5 Qxc5 45. Rc2 Qa7 46. Rc8
Qf7 47. Qe4 Kg7 48. Ra8 Qb7 49. Rd8 Qc7 50. Re8 Qc1+ 51. Kh2 Qe3 52. Re7+ Kh6
53. Rxe5 dxe5 54. Qf5 Qc5 55. Qxe5 Kh7 56. Qf5 Qd6 57. Qf7+ Kh6 58. Qe8 Rg7 59.
Qh8+ Kg6 60. Qe8+ Kf6 61. Qa8 Rd7 62. Qh8+ Kf5 63. h4 gxh4 64. Qh5+ Kf6 65.
Qh6+ Ke5 0-1

[Event "Sparkassen-Open A"]
[Site "Heusenstamm, Martinsee"]
[Date "2019.11.23"]
[Round "4.17"]
[White "Hilzinger, Markus"]
[Black "Bagrationi, Alexander"]
[Result "0-1"]
[WhiteElo "2141"]
[BlackElo "2500"]
[PlyCount "80"]
[EventDate "2019.??.??"]
[WhiteTeam "SC Pforzheim"]
[BlackTeam "vereinslos"]

1. c4 f5 2. d4 Nf6 3. Nf3 g6 4. Nc3 Bg7 5. g3 O-O 6. Bg2 b6 7. O-O Bb7 8. b3 c5
9. e3 e6 10. Bb2 Qe7 11. Qe2 d6 12. Rad1 Ne4 13. Qc2 Nc6 14. dxc5 Nb4 15. cxd6
Qd7 16. Qc1 Nxc3 17. Bxc3 Nxa2 18. Bxg7 Nxc1 19. Bxf8 Ne2+ 20. Kh1 Rxf8 21. Ne5
Bxg2+ 22. Kxg2 Qg7 23. f4 Qb7+ 24. Kf2 Nc3 25. Rd3 Ne4+ 26. Ke2 Nc5 27. Rd2
Nxb3 28. Rd3 Qg2+ 29. Ke1 Nc5 30. Rd2 Qe4 31. Kf2 Rd8 32. Rfd1 Nd7 33. Rd4 Qb7
34. Nf3 h6 35. h4 Kf7 36. h5 gxh5 37. Rh1 Nf6 38. Ne5+ Kg7 39. Rhd1 Ng4+ 40.
Nxg4 hxg4 0-1

[Event "Sparkassen-Open A"]
[Site "Heusenstamm, Martinsee"]
[Date "2019.11.23"]
[Round "4.18"]
[White "Kagan, Dennis"]
[Black "Alber, Horst"]
[Result "1/2-1/2"]
[WhiteElo "2055"]
[BlackElo "2267"]
[PlyCount "91"]
[EventDate "2019.??.??"]
[WhiteTeam "SG Porz"]
[BlackTeam "SK Marburg"]

1. e4 g6 2. d4 Bg7 3. Nc3 d6 4. f4 c6 5. Be2 Nf6 6. Be3 O-O 7. Nf3 Qb6 8. Qc1
c5 9. dxc5 dxc5 10. Ne5 Be6 11. O-O Qc7 12. g4 Nc6 13. g5 Nh5 14. Nxc6 Qxc6 15.
f5 Bxc3 16. bxc3 Bd7 17. Bxh5 gxh5 18. Rf4 f6 19. Rh4 Be8 20. g6 hxg6 21. Bh6
g5 22. Bxg5 Kh7 23. Be3 Rg8+ 24. Kf2 Rg4 25. Rxg4 hxg4 26. Qh1 Qa4 27. Re1 Bb5
28. h3 g3+ 29. Kxg3 Rg8+ 30. Kf4 Qxc2 31. c4 Bc6 32. Rg1 Rxg1 33. Bxg1 Qc1+ 34.
Kg3 Qe1+ 35. Kf4 Qf1+ 36. Ke3 Qxc4 37. Qg2 Qd4+ 38. Kf4 Qe5+ 39. Ke3 Qc3+ 40.
Kf4 Qe5+ 41. Ke3 Be8 42. Qf2 Bf7 43. Qh4+ Kg8 44. Kf3 Qa1 45. Bxc5 Bh5+ 46. Kg2
1/2-1/2

[Event "Sparkassen-Open A"]
[Site "Heusenstamm, Martinsee"]
[Date "2019.11.23"]
[Round "4.19"]
[White "Bardorz, Jana"]
[Black "Browning, Alex"]
[Result "0-1"]
[WhiteElo "1932"]
[BlackElo "2264"]
[PlyCount "90"]
[EventDate "2019.??.??"]
[WhiteTeam "TSV Rottendorf"]
[BlackTeam "SVG Plettenberg"]

1. e4 c5 2. Nf3 d6 3. d4 cxd4 4. Nxd4 Nf6 5. Nc3 a6 6. f4 g6 7. Be2 Bg7 8. Be3
O-O 9. O-O Qc7 10. h3 Nc6 11. Nf3 b5 12. Nd5 Nxd5 13. exd5 Na5 14. c3 Nc4 15.
Bxc4 Qxc4 16. Qb3 Bf5 17. Bd4 Rfe8 18. Rfe1 Bh6 19. g4 Qxb3 20. axb3 Bc2 21. g5
Bf8 22. b4 Bb3 23. Nh2 h5 24. Nf1 Bxd5 25. Ne3 Bb7 26. Rad1 Rac8 27. Nc2 Bg7
28. Bxg7 Kxg7 29. Re3 Rc4 30. Rd4 Rxd4 31. cxd4 Bd5 32. Kf2 f6 33. h4 fxg5 34.
fxg5 Kf7 35. Kg3 Rf8 36. Ra3 Ke6 37. Re3+ Kd7 38. Ne1 Rf1 39. Nd3 Rg1+ 40. Kf2
Rg4 41. Rh3 Rxd4 42. Ke3 Re4+ 43. Kd2 Be6 44. Rh2 Bf5 45. Nf2 Rxb4 0-1